Регионална библиотека "Любен Каравелов" - Русе

Империята на вечността (Запис номер 65791)

MARC детайли
000 -Лидер
Контролно поле с фиксирана дължина 01135nam a2200313 c 4500
003 - Код на организацията, давaща контролен номер
Контролно поле BLK
005 - Дата и час на последна редакция
Контролно поле 20180422102759.0
008 - Елементи от данни с фиксирана дължина
fixed length control field 180408b bul|||||r ||||||| ||bul||
010 ## - Наследен системен номер
LC control number KNG00070073000
020 ## - Международен стандартен номер на книга ISBN
Международен стандартен номер на книга ISBN 954-733-490-5
-- издат.: Прозорец
040 ## - Източник на каталожния запис
Идентификатор на билиотеката - собственик на записа BLK
041 ## - Код за език
Код за езика на текст/звукозапис или на отделно заглавие Български
Код за езика КДБФ Български
080 ## - УДК
Текстов определител УДК Австралийска литература
УДК код - определител по УДК 821.111(94)
УДК определител -31
УДК - код + определител 821.111(94)-31
100 1# - Редна дума - Автор
Автор О'Нийл, Антъни
Авторска отговорност първи автор
R(LIN) 292625
139 ## - Редно поле
Редна дума О'Нийл, Антъни
Авторски знак Оне - О 58
245 10 - Сведения за заглавието
Заглавие Империята на вечността
Подзаглавни данни Роман
Редно поле (дума) Антъни О'Нийл; прев. Милен Русков.
257 ## - Страна на издаване
Страна на създаване/издаване Великобритания
260 ## - Област на издателските данни
-- София
Име на издателя, разпространителя и проч. Прозорец
Година на издаване 2006
Печатница София : Инвестпрес
300 ## - Физическа характеристика
Страници 359 с.
Размери/Мащаб 20 см
380 ## - Жанр
Жанр Худож. лит.
500 ## - Общи забележки
Забележка Ориг. загл. The Empire of Eternity / Anthony O'Neill. - Офс. изд.
653 ## - Ключова дума – ненормативна
Ключова дума романи
700 1# - Други автори (авторска отговорност)
Лично име Русков, Милен
Автороска отговорност (Описва отношението между автора и произведението) прев.
9 (RLIN) 368669
852 ## - Местоположение
Форматна сигнатура Цб 230445
856 4# - Електронен адрес и достъп
Електронен формат pdf - файл
Път до файла /url/
856 4# - Електронен адрес и достъп
Електронен формат pdf - файл
Път до файла /url/
942 ## - АРТИКУЛИ
Вид на библиотечния материал Книги
Скрит в OPAC Не
944 ## - СЪЗДАВАНЕ И РЕДАКЦИЯ на ЗАПИСА
Създаване/Редакция Създаване
Дата на регистрацията/редакция 18.12.2006
Служител, извършил регистрацията/редакцията Цветанка_Енчева
944 ## - СЪЗДАВАНЕ И РЕДАКЦИЯ на ЗАПИСА
Създаване/Редакция Редакция
Дата на регистрацията/редакция 29.08.2007
Служител, извършил регистрацията/редакцията
999 ## - СИСТЕМНИ КОНТРОЛНИ НОМЕРА
Koha biblionumber 65791
Koha biblioitemnumber 65791
Наличности
Код за отписване Код за изгубен артикул Източник на класификационната схема Код за повреда Коз за рестрикции Код за отдаване Артикулен № Име на библиотеката - собственик Име на библиотеката, в която се намира в момента Статус (Текущо местоположение) Дата на вписване в системата Местоположение - отдел Цена в лева Инвентарен номер Систематично азбучна сигнатура Баркод Номер на екземпляра Цена в евро Служебна бележка Служебен тип на артикула
Изтеглен Не е изгубен Universal Decimal Classification Не е повреден без рестрикции заемане за дома 108528 Регионална библиотека "Любен Каравелов" Русе Регионална библиотека "Любен Каравелов" Русе Заемна - подръчен фонд 2006-12-18 Заемна - подръчен фонд 10.90 120000707517 П 820(94)-31/О 58 120000707517 1 5.57 Дост: Pk Вид: Ф N: 25 Дата: 13.12.2006 Книги
  Не е изгубен   Не е повреден без рестрикции ползва се в читалня 108529 Регионална библиотека "Любен Каравелов" Русе Регионална библиотека "Любен Каравелов" Русе Хранилище 2007-08-22 Хранилище 10.90 120000716941 Цб 230445 120000716941 2 5.57 Дост: Dp Вид: Д N: 16 Дата: 29.03.2007 Книги
Vip Innovations Ltd, Rousse, Bulgaria 2025